<?xml version="1.0" encoding="UTF-8"?>
<collection xmlns="http://www.loc.gov/MARC21/slim">
  <record>
    <leader>00000nam  2200000   4500</leader>
    <controlfield tag="001">INLIS000000000006102</controlfield>
    <controlfield tag="005">20191113110803</controlfield>
    <datafield tag="035" ind1="#" ind2="#">
      <subfield code="a">0010-1119000061</subfield>
    </datafield>
    <controlfield tag="007">ta</controlfield>
    <controlfield tag="008">191113################g##########0#ind##</controlfield>
    <datafield tag="082" ind1="#" ind2="#">
      <subfield code="a">658.3124</subfield>
    </datafield>
    <datafield tag="084" ind1="#" ind2="#">
      <subfield code="a">658.3124 Rae m</subfield>
    </datafield>
    <datafield tag="100" ind1=" " ind2="#">
      <subfield code="a">Rae, Leslie</subfield>
    </datafield>
    <datafield tag="245" ind1="1" ind2="#">
      <subfield code="a">Menggunakan Teknik Presentasi dalam Pendidikan dan Latihan /</subfield>
      <subfield code="c">Leslie Rae</subfield>
    </datafield>
    <datafield tag="250" ind1="#" ind2="#">
      <subfield code="a">Ed. Bahasa Indonesia</subfield>
    </datafield>
    <datafield tag="260" ind1="#" ind2="#">
      <subfield code="a">Jakarta :</subfield>
      <subfield code="b">PT. Gramedia,</subfield>
      <subfield code="c">2005</subfield>
    </datafield>
    <datafield tag="300" ind1="#" ind2="#">
      <subfield code="a">xv, 299 hal. :</subfield>
      <subfield code="b">ilus ;</subfield>
      <subfield code="c">25 cm</subfield>
    </datafield>
    <datafield tag="650" ind1="#" ind2="#">
      <subfield code="a">Manajemen, teknik presengasi</subfield>
    </datafield>
    <datafield tag="856" ind1="#" ind2="#">
      <subfield code="a">Perpustakaan Lembaga Administrasi Negara</subfield>
    </datafield>
    <datafield tag="520" ind1="#" ind2="#">
      <subfield code="a">Para manajer, dituntut untuk menyampaikan presentasi-presentasi yang sifatnya sangat bervariasi menyajikan informasi apda rapat sekelompok staf, dewan direksi, atau para manajer senior; memrepsentasikan awal pelaksanaan atau ahsil-hasil dari suatu proyek; menjadi pakar pembicara tamu, dalam suatu kursus pelatihan dan pengembangan, dan sebagainya. Inilah referensi yang mengkap tentang A-Z presentasi yang berhasil.Dilengkapi dengan saran-saran bagaimana merancang sebuah presentasi, menangani pertanyaan dan kuesioner, serta bagaimana mendukung sebuah program pendidikan dan pelatihan yang dikehendaki pemesan/peyelenggara.</subfield>
    </datafield>
    <datafield tag="990" ind1="#" ind2="#">
      <subfield code="a">070410620</subfield>
    </datafield>
  </record>
</collection>
